000 00742nmc a2200289 a 4500
003 AR-BaBNM
005 20251128203836.0
008 117019s1973 ||||||||||||||000 | spa||
020 _a84-206-1469-6
040 _cAR-BaBNM
100 1 _aToynbee, Arnold Joseph
_d1889-1975
245 1 0 _aCiudades en marcha
260 _aMadrid
_bAlianza Editorial
_c1973
300 _a296 p.
490 0 _aLibro de Bolsillo
_vv. 469
650 4 _aHISTORIA ANTIGUA
650 4 _aHISTORIA UNIVERSAL
650 4 _aCIUDADES ANTIGUAS
650 4 _aDEMOGRAFIA
650 4 _aRELIGION
650 4 _aURBANISMO
650 4 _aHISTORIA POLITICA
653 _aFORMAS DE GOBIERNO
700 1 _aWilliams, Mary
_etraductor
942 _cBK
998 _cMARTIN
999 _c5142
_d5142